01021nam a2200253Ia 4500001001100000003000800011006001900019007001500038008004100053040002100094035002100115050002200136100001500158245010900173260004400282300001000326533015200336650005400488650002500542655002900567700002900596710001700625856012500642ebr5000543CaPaEBRm u cr cn|||||||||010511s2001 vau s 000 0 eng d aCaPaEBRcCaPaEBR a(OCoLC)68062913014aB288b.A75 2001eb0 aAristotle.10aOn sophistical refutationsh[electronic resource] /cby Aristotle; translated by W.A. Pickard-Cambridge. aBlacksburg, VA :bVirginia Tech,c2001. a38 p. aElectronic reproduction.bPalo Alto, Calif. :cebrary,d2010.nAvailable via World Wide Web.nAccess may be limited to ebrary affiliated libraries. 0aSophists (Greek philosophy)vEarly works to 1800. 0aPhilosophy, Ancient. 7aElectronic books.2local1 aPickard-Cambridge, W. A.2 aebrary, Inc.40uhttp://site.ebrary.com/lib/rucke/Doc?id=5000543zAn electronic book accessible through the World Wide Web; click to view